000
00226nam a22001097a 4500
003
OSt
008
231115b |||||||| |||| 00| 0 eng d
041
_a
mal
100
_a
Jarasandhan
_9
4485
245
_a
Irumbazhikal
942
_c
BK
999
_c
17932
_d
17932